Statistics for Largest Cities in India or China

Click here to take the quiz!

General Stats

  • This quiz has been taken 26 times
  • The average score is 16 of 20

Answer Stats

PopulationCity% Correct
19.8 MillionBeijing
100%
30.3 MillionDelhi
100%
33.6 MillionShanghai
96%
9.1 MillionWuhan
96%
16.8 MillionKolkata
92%
25.1 MillionMumbai
92%
11.3 MillionChennai
88%
46.7 MillionGuangzhou
88%
12.2 MillionBangalore
84%
7.5 MillionHong Kong
80%
10.2 MillionHyderabad
80%
10.0 MillionXiamen
80%
7.0 MillionXi'an
80%
8.5 MillionAhmedabad
76%
8.2 MillionChongqing
76%
12.7 MillionTianjin
76%
9.6 MillionChengdu
72%
8.5 MillionHangzhou
68%
8.0 MillionShenyang
56%
7.7 MillionShantou
44%

Score Distribution

Percentile by Number Answered

Percent of People with Each Score

Your Score History

You have not taken this quiz